Engineering thermodynamics / (Record no. 14637)
[ view plain ]
| 000 -LEADER | |
|---|---|
| fixed length control field | 00896nam a22002657a 4500 |
| 005 - DATE AND TIME OF LATEST TRANSACTION | |
| control field | 20181022150520.0 |
| 010 ## - LCCN (DPL NO) | |
| LC control number | ENG-90619 B-710617 |
| 020 ## - INTERNATIONAL STANDARD BOOK NUMBER | |
| International Standard Book Number | 0070260621 |
| Terms of availability | 275.00 |
| 020 ## - INTERNATIONAL STANDARD BOOK NUMBER | |
| International Standard Book Number | 9780070260627 |
| Terms of availability | 275.00 |
| 035 ## - SYSTEM CONTROL NUMBER | |
| System control number | EN-74152 |
| 035 ## - SYSTEM CONTROL NUMBER | |
| System control number | B-710617 |
| 037 ## - SOURCE OF ACQUISITION | |
| Source of stock number/acquisition | DBAD / PUB |
| 037 ## - SOURCE OF ACQUISITION | |
| Source of stock number/acquisition | Tata Mc Graw Hill Education |
| 082 ## - DEWEY DECIMAL CLASSIFICATION NUMBER | |
| Classification number | 621.4021 |
| 100 ## - MAIN ENTRY--PERSONAL NAME | |
| Personal name | Nag, P.K. |
| 245 ## - TITLE STATEMENT | |
| Title | Engineering thermodynamics / |
| Statement of responsibility, etc | by P.K. Nag |
| 250 ## - EDITION STATEMENT | |
| Edition statement | 4th ed. |
| 260 ## - PUBLICATION, DISTRIBUTION, ETC. (IMPRINT) | |
| Place of publication, distribution, etc | New Delhi |
| Name of publisher, distributor, etc | Tata McGraw-Hill Publishing |
| Date of publication, distribution, etc | 2012 |
| 270 ## - ADDRESS | |
| Address | 7 West Patel Nagar |
| City | New Delhi |
| Postal code | 110008 |
| 300 ## - PHYSICAL DESCRIPTION | |
| Extent | xxvi, 804 p. |
| Other physical details | ill. |
| Dimensions | 23 cm. (pbk) |
| 500 ## - GENERAL NOTE | |
| General note | Includes bibliographical references and index |
| 650 ## - SUBJECT ADDED ENTRY--TOPICAL TERM | |
| Topical term or geographic name as entry element | Thermodynamics. |
| 942 ## - ADDED ENTRY ELEMENTS (KOHA) | |
| Source of classification or shelving scheme | Dewey Decimal Classification |
| Item type | English Books |
| Classification part | 621.4021 |
| Call number suffix | NAG |
| Withdrawn status | Lost status | Not for loan | Collection code | Home library | Current library | Date acquired | Source of acquisition | Cost, normal purchase price | Full call number | Barcode | Copy number | Cost, replacement price | Koha item type |
|---|---|---|---|---|---|---|---|---|---|---|---|---|---|
| Non-fiction | Ashok Vihar | Ashok Vihar | 22/10/2018 | Gift/16-10-2018 | 275.00 | 621.4021 NAG | B-710617 | 1 | 275.00 | English Books | |||
| Not For Loan | Non-fiction | D.B.Act.Division | D.B.Act.Division | 29/07/2008 | DBAD / PUB | 275.00 | 621.4021 NAG | EN-74152 | 1 | 275.00 | English Books |
